Song Titles: Fill In The Missing Word - Geographical Features 70s&80s - Statistics

General Stats
  • This quiz has been taken 83 times
  • The average score is 8 of 20
Answer Stats
Artist Song Title % Correct
Diana Ross Ain't No {Mountain} High Enough
99%
Bobby Bloom Montego {Bay}
87%
Lynn Anderson (I Never Promised You A) Rose {Garden}
74%
Kenny Rogers & Dolly Parton {Islands} in the Stream
70%
Maria Muldaur Midnight at the {Oasis}
60%
Al Green Take Me to the {River}
53%
Iron Maiden Run To The {Hills}
51%
Queen Seven {Seas} Of Rhye
47%
Kool and the Gang {Jungle} Boogie
43%
Carpenters Jambalaya (On The {Bayou})
39%
Olivia Newton John {Banks} Of The Ohio
30%
Dire Straits Twisting By The {Pool}
29%
Skids Into The {Valley}
24%
Big Country {Fields} Of Fire (400 Miles)
21%
Birthday Party Deep In The {Woods}
17%
Echo and the Bunnymen {Ocean} Rain
16%
Meat Puppets {Lake} Of Fire
11%
Pogues {Streams} Of Whiskey
10%
Mary Hopkin Temma {Harbour}
10%
Julian Cope Eve's {Volcano} 'Covered In Sin'
7%
No matching quizzes found
Score Distribution
Percent of People with Each Score
Percentile by Number Answered
Your Score History
You have not taken this quiz